Guess The Disney Character - Statistics

General Stats
  • This quiz has been taken 15 times
  • The average score is 18 of 39
Answer Stats
Hint Answer % Correct
mouse Mickey Mouse
85%
wooden Pinocchio
85%
deer Bambi
77%
hook Captain Hook
69%
duck Donald Duck
69%
mad Mad Hatter
69%
clownfish Nemo
69%
hearts Queen of Hearts
69%
lion Simba
69%
cowboy Woody
69%
slipper Cinderella
62%
meerkat Timon
62%
fairy Tinker Bell
62%
cricket Jiminy Cricket
54%
car Lightning McQueen
54%
truck Mater
54%
one-eyed Mike
54%
sleep Aurora
46%
panther Bagheera
46%
bear Baloo
46%
forgetful Dory
46%
underworld Hades
46%
voice Ariel
38%
book Belle
38%
ears Dumbo
38%
warthog Pumbaa
38%
rat Remy
38%
frog Tiana
38%
rabbit White Rabbit
38%
python Kaa
31%
monster Sully
31%
dinosaur Arlo
23%
hunter Gaston
15%
orangutan King Louie
15%
archer Merida
15%
witch Ursula
15%
jealous Evil Queen
8%
boat Moana
8%
fur Cruella de Vil
0%
No matching quizzes found
Score Distribution
Percent of People with Each Score
Percentile by Number Answered
Your Score History
You have not taken this quiz